Teens Club 2º Medio: teacher's book
Guardat en:
| Autor principal: | |
|---|---|
| Format: | Llibre |
| Idioma: | anglès |
| Publicat: |
s.l
Ediciones R y B
2017
|
| Edició: | 1a. ed |
| Matèries: | |
| Etiquetes: |
Afegir etiqueta
Sense etiquetes, Sigues el primer a etiquetar aquest registre!
|
MARC
| LEADER | 00000cam a2200000 a 4500 | ||
|---|---|---|---|
| 001 | UCD9827 | ||
| 003 | CL-VaPUC | ||
| 008 | 170709e20170000cl |||||||||||||||||eng|d | ||
| 020 | |a 9789568694432 | ||
| 082 | 0 | 4 | |a 418.00712 |b ALV |2 21 |
| 100 | 0 | |a Alvarado Jantus, Lina |e author |9 593585 | |
| 245 | 1 | 0 | |a Teens Club 2º Medio: teacher's book |
| 250 | |a 1a. ed | ||
| 300 | |a 104 p | ||
| 942 | |c BK | ||
| 945 | |d 20170709 17:01:00 |a dcastane | ||
| 260 | |a s.l |b Ediciones R y B |c 2017 | ||
| 500 | |a Incluye CD con audio | ||
| 650 | 0 | |a Enseñanza de idiomas |9 339820 | |
| 650 | 0 | |a Enseñanza del inglés |9 367340 | |
| 650 | 0 | |a Libros de texto |9 270019 | |
| 650 | 0 | |a Métodos de enseñanza |9 270413 | |
| 583 | |a last modification |c 20170824 03:25:58 |k Rodrigo Vera | ||
| 999 | |c 368846 |d 368844 | ||
| 952 | |0 0 |1 0 |3 erb |4 0 |6 418_007120000000000_ALV_2017 |7 0 |8 A |9 484291 |a BIBEDU |b BIBEDU |i 5405904 |o 418.00712 ALV 2017 |p 5405904 |r 2023-01-12 |w 2019-11-24 |y BK |z Catalogado en:20170709 |k EPE | ||